Papelucho en vacaciones

Guardat en:
Dades bibliogràfiques
Format: Llibre
Idioma:espanyol
Publicat: Santiago Sudamericana 2003
Edició:1a. ed
Col·lecció:Papelucho, 11
Matèries:
Etiquetes: Afegir etiqueta
Sense etiquetes, Sigues el primer a etiquetar aquest registre!

MARC

LEADER 00000nam a2200000 a 4500
001 UCJ1220
003 CL-VaPUC
008 061006e20030000CL |||||||||||||||||spa|d
020 |a 9562621960 
082 0 4 |a Ch863  |b PAZ  |2 21 
245 1 0 |a Papelucho en vacaciones 
250 |a 1a. ed 
300 |a 114 p 
942 |c BK 
945 |d 20061006 00:00:00  |a cmena 
260 |a Santiago  |b Sudamericana  |c 2003 
650 0 |a Novelas chilenas   |9 265425 
650 0 |a Literatura chilena   |9 308278 
650 0 |a Literatura infantil   |9 307465 
583 |a last modification  |c 20061006 00:00:00  |k Rodrigo Vera 
490 0 |a Papelucho, 11 
999 |c 317879  |d 317877